00884nam a22002297a 4500999001500000003000900015008004100024040007100065082001800136100003100154245002000185260009300205300002800298650003700326650004600363650003800409650003400447710005000481942001600531945000900547952009800556 c3469d3469AR-CdUCM190306b ||||| |||| 00| 0 spa d aMUNICIPALIDAD PROVINCIAL DEL CUSCOcBIBLIOTECA MUNICIPAL DEL CUSCO a869.56 /bC81 aConcha Tupayachi, Salustio aLos labriegos / aUrubamba : bSalustio Concha Tupayachi : b[Talleres de la Editorial Mercantil], c1993. a57 páginas ; c20 cm. aNarrativa peruana - Cusco911276 aEscritores cusqueños -- Siglo XX911417 aCuentos - Cusco - Urubamba911418 aCuentos - Wayllabamba911419 aMunicipalidad Distrital de Wayllabamba911420 2ddccLIBROS alccs 002ddc4070aSHbSHcCARTd2019-03-06g10.00o869.56 / C81pSH0000003583r2019-03-06yLIBROS